By the Numbers #73 - Statistics

General Stats
  • This quiz has been taken 38 times
  • The average score is 15 of 20
Answer Stats
Hint Explanation Answer % Correct
The sum of 1272 and (-1272) 98th Percentile: Adding and Subtracting Positive and Negative Numbers

When you add a negative integer and a positive integer, you essentially subtract the smaller absolute value from the larger, and the sum takes the sign of the integer with the larger absolute value. In this case, the absolute value of both integers is the same, so the sum is zero.
0
95%
If an integer is divisible by this number, the integer is considered to be an even number Wikipedia: Parity (mathematics) 2
90%
V * VI The Roman numerals V and VI are equivalent to the Arabic numbers 5 and 6, respectively. So, …

5 * 6 = 30
30
90%
370 + 144/72 370 + 144/72

   = 370 + (144 ÷ 72)

   = 370 + 2

   = 372
372
86%
The absolute value of (-68) The absolute value of a number is its distance from zero, so an absolute value is always a positive value or zero. See:


68
86%
742 ÷ 17 742 ÷ 17

   = 742 ÷ (1 * 1 * 1 * 1 * 1 * 1 * 1)

   = 742 ÷ 1

   = 742
742
86%
A small public radio station had a fundraising goal of $9500. By the end of the fundraiser, they had exceeded their goal by $2100. In dollars, how much did the station raise? 9500 + 2100 = 11600 11600
81%
The year Genghis Khan was elected as the Khagan of the Mongols, establishing the Mongol Empire Wikipedia: Mongol Empire 1206
81%
The number of sides a pentacontadigon has Wikidata: pentacontadigon 52
81%
On a given day, the low temperature in Anchorage, Alaska was -8°F. On the same day, the low temperature in Los Angeles, California was 63°F. What is the difference between the two low temperatures? 63 - (-8)

= 63 + 8

= 71

Or, picture a number line. The distance between (-8) and zero is 8. The distance between zero and 63 is 63. Simply adding the two distances gives you the distance between the two.
71
81%
The number of days in the month of Tammuz in the Hebrew calendar Wikipedia: Hebrew calendar 29
76%
The number of JetPunk sovereign states that share a land border with Chile Wikipedia: Chile 3
76%
In feet, the entire length (including end zones) of a regulation field used in professional American football Wikipedia: American football field 360
67%
The sum of the number of pips on opposite sides of a standard six-sided gaming die Wikipedia: Dice 7
67%
The year William Wallace (the real life Braveheart) emerged as the leader of the Scottish resistance to England at the Battle of Stirling Bridge Wikipedia: Battle of Stirling Bridge 1297
62%
(The number of seasons in a year in temperate climates * the number of units in a baker’s dozen) + 1 Wikipedia: Season


In temperate regions, there are four generally recognized seasons. A baker’s dozen comprises 13 units. So, …

(4 * 13) + 1

   = 52 + 1

   = 53
53
62%
The atomic number of the element indium Wikipedia: Indium 49
57%
Room number at the fictional Dolphin Hotel in New York City that is the title of the 2007 psychological horror film that starred John Cusack and Samuel L. Jackson; and the title of the 1999 Stephen King short story upon which the film is based Wikipedia: 1408 (film) 1408
52%
The number of districts (daerah) that comprise the first-level administrative divisions of Brunei Wikipedia: Districts of Brunei 4
43%
King James I of England had a regnal number other than “1” in Scotland. What was it? Wikipedia: James VI and I 6
43%
No matching quizzes found
Score Distribution
Percent of People with Each Score
Percentile by Number Answered
Your Score History
You have not taken this quiz